Chemický priemysel
Z obsahu: Chémia hľadá svetlo na konci tunela. Správny výber corebiznisu je sladkým snom i nočnou morou. Chémia zaostala v tvorbe hodnoty pre akcionára. Slovenská chémia sa hanblivo oddáva zahraničnému kapitálu.
Saved in:
| Main Author: | |
|---|---|
| Other Authors: | |
| Format: | Book Chapter |
| Language: | Slovak |
| Subjects: | |
| Tags: |
No Tags, Be the first to tag this record!
|
MARC
| LEADER | 00000naa a2200000 4500 | ||
|---|---|---|---|
| 001 | r044347 | ||
| 005 | 20230921113158.8 | ||
| 041 | 0 | |a slo | |
| 044 | |a SK | ||
| 245 | 1 | 0 | |a Chemický priemysel |c Juraj Janoška, Peter Kremský |
| 520 | |a Z obsahu: Chémia hľadá svetlo na konci tunela. Správny výber corebiznisu je sladkým snom i nočnou morou. Chémia zaostala v tvorbe hodnoty pre akcionára. Slovenská chémia sa hanblivo oddáva zahraničnému kapitálu. | ||
| 610 | 2 | 0 | |a priemysel chemický |
| 610 | 2 | 0 | |a chémia |
| 610 | 2 | 0 | |a akcie |
| 610 | 2 | 0 | |a akcionári |
| 610 | 2 | 0 | |a ceny |
| 610 | 2 | 0 | |a kapitál zahraničný |
| 610 | 2 | 0 | |a Slovensko |
| 610 | 2 | 0 | |a svet |
| 100 | 1 | |a Janoška, Juraj | |
| 700 | 1 | |a Kremský, Peter | |